LEADER 01387cam0-22004331i-450- 001 990006892110403321 005 20070628113110.0 035 $a000689211 035 $aFED01000689211 035 $a(Aleph)000689211FED01 035 $a000689211 100 $a20010426d1981----km-y0itay50------ba 101 0 $aita 102 $aIT 105 $ay-------001yy 200 1 $aChiesa e Stato nella esperienza giuridica$e1933-1980$fOrio Giacchi$gstudi raccolti e presentati da Ombretta Fumagalli Carulli 210 $aMilano$cGiuffrè$d1981 215 $a2 v.$d24 cm 300 $aDDCIC: si possiede solo il v. II 327 1 $a1.: La Chiesa e il suo diritto : religione e società$a2.: La Chiesa davanti allo Stato : lo Stato e la vita sociale 610 0 $aChiesa e Stato$a1933-1980 676 $a261.7$v20$zita 676 $a322.1$v20$zita 700 1$aGiacchi,$bOrio$f<1909-1982>$0205903 702 1$aFumagalli Carulli,$bOmbretta$f<1944- > 801 0$aIT$bUNINA$gRICA$2UNIMARC 901 $aBK 912 $a990006892110403321 952 $aII DD 61$b1419$fDFD 952 $aII DD 61(1)$b1420$fDFD 952 $aII D 120$b111961$fFGBC 952 $aXXVI 148 CC$fDDCIC 952 $aI F 25$b34482-3$fFSPBC 959 $aFSPBC 959 $aFGBC 959 $aDFD 959 $aDDCIC 996 $aChiesa e Stato nella esperienza giuridica$9629133 997 $aUNINA LEADER 01628nam 2200385 450 001 9910688390103321 005 20230704142053.0 035 $a(CKB)5850000000050350 035 $a(NjHacI)995850000000050350 035 $a(EXLCZ)995850000000050350 100 $a20230704d2022 uy 0 101 0 $aeng 135 $aur||||||||||| 181 $ctxt$2rdacontent 182 $cc$2rdamedia 183 $acr$2rdacarrier 200 00$aActive Learning /$fedited by Olena Lutsenko, Gregory Lutsenko 210 1$aLondon :$cIntechOpen,$d2022. 210 4$d©2022 215 $a1 online resource (176 pages) 311 $a1-83968-478-X 320 $aIncludes bibliographical references and index. 330 $aIn the context of globalization changes in educational systems, it is important to modify approaches to the educational process and introduce learning technologies that allow for maximum involvement in learning. One such technology is the technology of active learning, which engages learners through participation in the cognitive process and certain tasks as well as through the collective activities of the subjects of the educational process. This book discusses the theoretical analysis of active learning and contains practical recommendations for its implementation. 517 $aActive Learning 606 $aActive learning 615 0$aActive learning. 676 $a371.39 702 $aLutsenko$b Gregory 702 $aLutsenko$b Olena 801 0$bNjHacI 801 1$bNjHacl 906 $aBOOK 912 $a9910688390103321 996 $aActive Learning$92957216 997 $aUNINA